Effectif France Euro 2024 - Statistiques

Statistiques générales
  • Ce quiz a été pris 737 fois
  • Le résultat moyen est 25 sur 26
Statistiques - réponses
POSTE CLUB NUMERO JOUEUR % Correct
ATT PSG / Real Madrid 10 Kylian Mbappé
99%
G AC Milan 16 Mike Maignan
99%
ATT Atlético Madrid 7 Antoine Griezmann
98%
MIL Real Madrid 8 Aurélien Tchouaméni
98%
MIL Real Madrid 6 Eduardo Camavinga
98%
MIL Al-Ittihad 13 N'Golo Kanté
98%
ATT PSG 11 Ousmane Dembélé
98%
DEF AC Milan 22 Theo Hernández
98%
COACH - - Didier Deschamps
97%
DEF FC Barcelone 5 Jules Koundé
97%
MIL Juventus 14 Adrien Rabiot
96%
G West Ham 23 Alphonse Areola
96%
DEF Inter Milan 2 Benjamin Pavard
96%
ATT AC Milan 9 Olivier Giroud
96%
DEF Bayern Munich 4 Dayot Upamecano
95%
ATT Bayern Munich 20 Kingsley Coman
95%
ATT Inter Milan 15 Marcus Thuram
95%
DEF Arsenal 17 William Saliba
95%
ATT PSG 25 Bradley Barcola
94%
ATT PSG 12 Randal Kolo Muani
94%
G RC Lens 1 Brice Samba
93%
DEF Liverpool 24 Ibrahima Konaté
93%
DEF Real Madrid 3 Ferland Mendy
92%
MIL PSG 18 Warren Zaïre-Emery
91%
DEF OM 21 Jonathan Clauss
83%
MIL AS Monaco 19 Youssouf Fofana
81%
Aucun quiz correspondant
Distribution des résultats
% des personnes avec chaque résultat
Percentile par nombre de réponses
Votre historique - résultats
Vous n’avez pas pris ce quiz